000
00311nam a22001217a 4500
008
181024b xxu||||| |||| 00| 0 eng d
041
_a
eng
080
_a
338
100
_a
52
101
_a
MAN
245
_a
Angina Pectorin Mnagement Strategies An Guide To Interventions
_c
Graboys.TH.B
942
_2
udc
_c
BK
999
_c
50824
_d
50824